| 000 | 00842nam a2200229 a 4500 | ||
|---|---|---|---|
| 001 | 80017 | ||
| 003 | BD-RjUL | ||
| 005 | 20220621163827.0 | ||
| 008 | 220621s2021 bg ||||| |||| 00| 0 ben d | ||
| 020 | _c 9847000004369 | ||
| 035 | _a(BD-RjUL)80017 | ||
| 040 |
_aBD-RjUL _beng _cBD-RjUL |
||
| 041 | _aben | ||
| 082 |
_223 _a612.82 _bBRF 2021 |
||
| 100 |
_aব্রিজেনডাইন, লুয়ান _93808 |
||
| 245 |
_aদ্য ফিমেল ব্রেন _cলুয়ান ব্রিজেনডাইন ; অনুবাদ নাসরীন মুস্তাফা |
||
| 300 |
_a৩০২ পৃ.; _c২২ সেমি. |
||
| 650 |
_aব্রেন _xফিজিওলজি _93809 |
||
| 650 |
_aBrain _xPhysiology _93810 |
||
| 700 |
_aমুস্তাফা, নাসরীন _93811 |
||
| 942 |
_2ddc _cBK |
||
| 999 |
_c80017 _d80017 |
||